000 00829nam a22002057a 4500
999 _c371214
_d371214
008 201127b ||||| |||| 00| 0 eng d
040 _aDE-2950
_bger
_cDE-2950
_erda
041 _ager
245 _aMehr Busfahrten auf Bestellung.
_bNahverkehr: Was in Frankfurt zum Fahrplanwechsel am 12. Dezember zu beachten ist und welches Angebot die Stadtverkehrsgesellschaft weiter ausbauen will /
_nThomas Gutke
264 _c2021
653 _aFrankfurt (Oder)
653 _aStadtverkehr
653 _aFrankfurt (Oder) <Ortsteil Rosengarten>
653 _aEisenbahnbrücke / Bauarbeiten
773 _dFrankfurt (Oder) Märkisches Verlags- und Druckhaus GmbH & Co KG
_tMärkische Oderzeitung
_g32. Jahrgang (2021) Nr. 289 vom 10.12.2021, S. 15
942 _cA